[Event "AUTO-INT-536"]
[Site "http://www.queenalice.com/game.php?id=303538"]
[Date "2007.11.14"]
[Round "2"]
[White "Alx"]
[Black "evasion"]
[Result "0-1"]
[WhiteElo "1539"]
[BlackElo "1782"]

1. d4 Nf6 2. g3 e6 3. Bg2 d5 4. Nf3 Nc6 5. O-O Be7 6. Nc3 O-O 7. Qd3 Nb4 8. Qe3
Nxc2 9. Qg5 Nxa1 10. h4 Nc2 11. h5 Ne4 12. Qe5 Bd6 13. Bg5 Nxg5 14. Qxg5 Qxg5
15. Nxg5 Nxd4 16. e3 Nf5 17. Ne2 Be7 18. Nf3 b6 19. Rc1 c5 20. g4 Nd6 21. b4
cxb4 22. Rc7 Bd8 23. Rc6 Nc4 24. Nf4 Bd7 25. h6 Bxc6 26. Nd4 Rc8 27. Nh5 g6 28.
Ng7 Bf6 29. g5 Bxg7 30. f4 Bxd4 31. exd4 f6 32. Bh3 Bd7 33. Kg2 fxg5 34. fxg5
Nd6 35. Kg3 Rc3+ 36. Kg4 Rxh3 37. Kxh3 e5+ 38. Kh4 exd4 39. a3 bxa3 40. Kg3 a2
41. Kh4 a1=Q 42. Kg3 Qc3+ 43. Kg2 Ne4 44. Kh2 Rf2+ 45. Kg1 Qe1# 0-1

[Event "AUTO-INT-793"]
[Site "http://www.queenalice.com/game.php?id=354053"]
[Date "2008.2.14"]
[Round "1"]
[White "Luiss"]
[Black "Alx"]
[Result "1-0"]
[WhiteElo "1517"]
[BlackElo "1513"]

1. e4 e5 2. Nf3 Qf6 3. b3 Bc5 4. Bb2 d6 5. c3 Bg4 6. b4 Bb6 7. Be2 h6 8. O-O
Bxf3 9. Bxf3 Qh4 10. d4 Nf6 11. Na3 g5 12. Nb5 g4 13. Be2 Rg8 14. Qd3 g3 15.
fxg3 Qg5 16. Bc1 Qg6 17. Bf3 Ng4 18. Qe2 h5 19. a4 Nc6 20. Kh1 exd4 21. c4 Nxh2
22. Kxh2 d3 23. Qe1 h4 24. g4 a6 25. Nc3 Nd4 26. Qd1 d5 27. Nxd5 Qd6+ 28. Bf4
Qg6 29. Bxc7 Nxf3+ 30. Qxf3 Bd4 31. Rad1 Rh8 32. Rxd3 Rf8 33. Rxd4 Rc8 34. Nf6+
Ke7 35. Rd7+ Ke6 36. Rfd1 Rxc7 37. Rxc7 Qxf6 38. Qf5+ Qxf5 39. exf5+ Kf6 40.
Rd6+ Kg5 41. Kh3 f6 42. Rxb7 Re8 43. Rg7+ Kh6 44. Rg6+ Kh7 45. Rdxf6 Rg8 46.
Rf7+ Kh8 47. Rh6# 1-0

[Event "AUTO-INT-793"]
[Site "http://www.queenalice.com/game.php?id=354054"]
[Date "2008.2.14"]
[Round "1"]
[White "Alx"]
[Black "Luiss"]
[Result "0-1"]
[WhiteElo "1498"]
[BlackElo "1705"]

1. e4 e5 2. Qf3 Nf6 3. c3 b6 4. Nh3 Bb7 5. Bc4 Bxe4 6. Qe3 d5 7. Bd3 d4 8. Qg3
Nh5 9. Qxe5+ Qe7 10. Qxe4 Qxe4+ 11. Bxe4 c6 12. a3 Be7 13. cxd4 a5 14. Nc3 a4
15. d3 Ra5 16. O-O b5 17. Bd2 Ra7 18. Rae1 O-O 19. g4 Nf6 20. Bf3 b4 21. Nd1
bxa3 22. bxa3 Bxa3 23. Ng5 Be7 24. Nh3 a3 25. Be3 a2 26. Nc3 Bb4 27. Rc1 Bxc3
28. Rxc3 a1=Q 29. Rxa1 Rxa1+ 30. Kg2 Nd5 31. Rc5 Nxe3+ 32. fxe3 Rc8 33. Rh5 Re8
34. Be4 g6 35. Re5 Rxe5 36. dxe5 Ra5 37. d4 Ra2+ 38. Kf3 Rxh2 39. Kg3 Rb2 40.
Kf3 Rb4 41. Kf4 Rc4 42. Kf3 Nd7 43. Ng5 c5 44. Bd5 Rb4 45. Nxf7 Nb6 46. Ke4 cxd4
47. exd4 Kf8 48. Be6 Na4 49. Kd3 Rb7 50. Nd8 Rb1 51. Bd7 Rd1+ 52. Ke4 Nb6 53.
Bb5 Kg7 54. g5 Rh1 55. Ne6+ Kf7 56. Nf4 Rh4 57. e6+ Ke7 58. d5 Nxd5 59. Kxd5
Rxf4 60. Bd7 Rf5+ 61. Ke4 Rxg5 62. Kf4 Rg1 63. Kf3 h5 64. Kf2 Rg5 65. Kf3 h4 66.
Kf4 Rg1 67. Ke5 h3 68. Bc6 Rc1 69. Ba8 Re1+ 70. Kf4 h2 71. Kg5 Rg1+ 72. Kh6 g5
73. Kh5 Kxe6 74. Bb7 Kd6 75. Ba8 g4 76. Kh4 g3 77. Kh3 h1=Q+ 78. Bxh1 Rxh1+ 79.
Kxg3 Ke5 80. Kg2 Ra1 81. Kf2 Kd4 82. Ke2 Kc4 83. Kd2 Ra2+ 84. Ke3 Ra3+ 85. Ke4
Rd3 86. Kf4 Kd5 87. Kf5 Rd4 88. Kf6 Rf4+ 89. Ke7 Rf5 90. Kd7 Rf6 91. Ke7 Re6+
92. Kd7 Rh6 93. Kc7 Kc5 94. Kd7 Rd6+ 0-1

[Event "AUTO-INT-793"]
[Site "http://www.queenalice.com/game.php?id=354077"]
[Date "2008.2.14"]
[Round "1"]
[White "Alx"]
[Black "GustavoSiqueira"]
[Result "0-1"]
[WhiteElo "1530"]
[BlackElo "1495"]

1. d4 e6 2. a3 d5 3. g3 f5 4. Nh3 h6 5. Bg2 Nf6 6. Nc3 Bd6 7. e3 Nc6 8. Bf3 e5
9. Bh5+ g6 10. Bxg6+ Kd7 11. Nxd5 Nxd5 12. Qh5 Nf6 13. Qxf5+ Ke7 14. Qf3 Bxh3
15. e4 Nxd4 16. Qd3 Rg8 17. Bf5 Qf8 18. Bxh3 Nh5 19. Qc4 b5 20. Qd5 c6 21. Qa2
Nxc2+ 22. Kd1 Qxf2 23. Qe6+ Kf8 24. Bxh6+ Rg7 25. Qxd6+ Kg8 26. Qe6+ Kh8 27. Rf1
Ne3+ 28. Bxe3 Qxe3 29. Qxe5 Rd8+ 30. Kc2 Qd2+ 31. Kb1 Qe2 32. Rf7 Rd1+ 33. Ka2
Qc4+ 34. b3 Rd2+ 35. Kb1 Qc2# 0-1

[Event "AUTO-INT-793"]
[Site "http://www.queenalice.com/game.php?id=354078"]
[Date "2008.2.14"]
[Round "1"]
[White "GustavoSiqueira"]
[Black "Alx"]
[Result "1-0"]
[WhiteElo "1501"]
[BlackElo "1548"]

1. d4 d5 2. Nc3 c6 3. Nf3 h6 4. e4 Nf6 5. e5 Ng8 6. Bd3 g5 7. h3 f6 8. Qe2 Bg7
9. e6 Qd6 10. Bf5 b6 11. h4 Ba6 12. Qe3 Qf4 13. g4 h5 14. hxg5 fxg5 15. Bg6+ Kd8
16. Nxg5 Qxg4 17. Bd3 Bh6 18. Qe5 Nf6 19. Nf7+ Kc8 20. Nxh8 Bg7 21. Ng6 Bxd3 22.
Nxe7+ Kd8 23. Qd6+ Ke8 24. cxd3 Qf3 25. Ng6 Ng4 26. Qe7# 1-0

[Event "AUTO-OPEN-837"]
[Site "http://www.queenalice.com/game.php?id=356549"]
[Date "2008.2.18"]
[Round "2"]
[White "paulouk"]
[Black "Alx"]
[Result "0-1"]
[WhiteElo "1588"]
[BlackElo "1495"]

1. e4 e5 2. g4 Qf6 3. Nf3 g5 4. Nc3 b6 5. Nb5 Kd8 6. d3 h6 7. c3 d6 8. h3 a6 9.
Na3 d5 10. b4 Qc6 11. Nb1 f6 12. exd5 Qxd5 13. Bg2 Qe6 14. Nxg5 hxg5 15. Bxa8 c6
16. O-O Rxh3 17. f3 Qd5 18. c4 Qd4+ 19. Kg2 Rh4 20. Ba3 f5 21. Rh1 Qxa1 22. Rxh4
gxh4 23. Kh3 Be7 24. Qb3 Qd4 25. Qd1 fxg4+ 26. Kg2 gxf3+ 27. Qxf3 h3+ 28. Kh2
Bg4 29. Qf7 Nh6 30. Qh7 Qf2+ 31. Kh1 Qg2# 0-1

[Event "AUTO-OPEN-837"]
[Site "http://www.queenalice.com/game.php?id=356550"]
[Date "2008.2.18"]
[Round "2"]
[White "Alx"]
[Black "paulouk"]
[Result "0-1"]
[WhiteElo "1513"]
[BlackElo "1596"]

1. d4 b5 2. e4 c6 3. c3 e6 4. g3 Bb7 5. h4 c5 6. Nf3 Bxe4 7. Nbd2 f5 8. Qb3 a6
9. Nxe4 fxe4 10. Ne5 c4 11. Qd1 g6 12. Bg2 Ra7 13. Bxe4 d6 14. Nxg6 hxg6 15.
Bxg6+ Kd7 16. Bg5 Be7 17. d5 e5 18. Qg4+ Kc7 19. Be3 Nf6 20. Qf3 Ra8 21. a4 e4
22. Bxe4 bxa4 23. Rxa4 Kd7 24. Rb4 Rf8 25. Rb7+ Kc8 26. Bb6 Qe8 27. Rc7+ Kd8 28.
Ra7+ Kc8 29. Qe2 Rxa7 30. Qxc4+ Nc6 31. Bf5+ Kb8 32. dxc6 Bd8+ 33. Kd1 Bxb6 34.
Re1 Qf7 35. Qb4 Qc7 36. Re6 Nd5 37. Qe4 Qxc6 38. h5 Raf7 39. Qd3 Rxf5 40. Qxa6
Nc7 41. Rxd6 Qxd6+ 0-1

[Event "BOARD 2,DIV.C"]
[Site "http://www.queenalice.com/game.php?id=361987"]
[Date "2008.2.27"]
[Round "2"]
[White "Alx"]
[Black "NextFuture"]
[Result "0-1"]
[WhiteElo "1515"]
[BlackElo "2170"]

1. d4 Nf6 2. Nc3 d5 3. Nf3 Bg4 4. e3 e6 5. h3 Bh5 6. g4 Bg6 7. a3 Nbd7 8. Bg2 c5
9. b4 cxb4 10. axb4 Bxb4 11. Bb2 Ne4 12. Qd3 Nxc3 13. Qd2 Qc7 14. Ba3 Bxa3 15.
Rxa3 Nb1 16. Qb4 Nxa3 17. Qxa3 Qc4 18. Qb2 O-O 19. Qxb7 Rab8 20. Nd2 Rxb7 21.
Nxc4 Rb1+ 22. Ke2 Rxh1 23. Bxh1 dxc4 24. c3 Bd3+ 25. Kd2 Rb8 26. Bc6 Rb2+ 27.
Ke1 Nb6 28. f3 a5 29. Be4 a4 30. Bxd3 cxd3 31. Kd1 a3 32. Kc1 Nc4 33. d5 a2 34.
d6 Rb1# 0-1

[Event "Challenge"]
[Site "http://www.queenalice.com/game.php?id=377340"]
[Date "2008.3.26"]
[Round "-"]
[White "Alx"]
[Black "Gera"]
[Result "0-1"]
[WhiteElo "1497"]
[BlackElo "1910"]

1. d4 d5 2. e3 c5 3. c3 e6 4. Qf3 Nf6 5. a3 Nc6 6. b4 cxb4 7. axb4 Ne4 8. Nh3
Be7 9. Qh5 O-O 10. f4 Bh4+ 11. g3 Bxg3+ 12. Kd1 e5 13. hxg3 Nxg3 14. Ng5 Nxh5
15. Rxh5 h6 16. Nf3 e4 17. Ng1 Bg4+ 18. Be2 Bxh5 19. Bxh5 Qh4 20. Be2 Qg3 21.
Nd2 Qxg1+ 0-1

[Event "AUTO-OPEN-837"]
[Site "http://www.queenalice.com/game.php?id=391898"]
[Date "2008.4.23"]
[Round "3"]
[White "AG1"]
[Black "Alx"]
[Result "1-0"]
[WhiteElo "2071"]
[BlackElo "1531"]

1. e4 e5 2. Nf3 Qf6 3. Nc3 Bc5 4. Nd5 Qc6 5. Nxe5 Qd6 6. d4 Bb6 7. Nxb6 axb6 8.
Bc4 Ra4 9. Qh5 g6 10. Bxf7+ Kd8 11. Bg5+ Nf6 12. Nxg6 c5 13. Nxh8 Qxd4 14. Qxh7
Qe5 15. Qh6 Qxe4+ 16. Kf1 Kc7 17. Qxf6 Nc6 18. f3 Nd4 19. fxe4 Nxc2 20. Bf4+ d6
21. Qxd6# 1-0

[Event "AUTO-OPEN-837"]
[Site "http://www.queenalice.com/game.php?id=391899"]
[Date "2008.4.23"]
[Round "3"]
[White "Alx"]
[Black "AG1"]
[Result "0-1"]
[WhiteElo "1529"]
[BlackElo "2007"]

1. e4 e5 2. Nf3 Nc6 3. g3 Nf6 4. Bg2 d5 5. d3 dxe4 6. Ng1 exd3 7. cxd3 Bc5 8.
Be3 Qd6 9. Nf3 Bxe3 10. fxe3 Qb4+ 11. Nc3 Qxb2 12. O-O Qxc3 13. e4 Qc5+ 14. Kh1
Ng4 15. Qe2 O-O 16. Rac1 Qe3 17. Qb2 Qxd3 18. Rcd1 Qxe4 19. Ng5 Qg6 20. h4 Ne3
21. Be4 Nxd1 22. Qb3 Qh5 23. Qb1 Ne3 24. Bxh7+ Kh8 25. Rf3 f6 26. Bg6 Qg4 27.
Bf7 fxg5 28. Rxe3 Rxf7 29. Qd3 Qh3+ 30. Kg1 Bg4 31. Re1 Bf3 32. Qd2 Qxg3+ 33.
Kf1 Be4+ 34. Ke2 Qf3# 0-1

[Event "AUTO-OPEN-837"]
[Site "http://www.queenalice.com/game.php?id=391900"]
[Date "2008.4.23"]
[Round "3"]
[White "paulouk"]
[Black "Alx"]
[Result "0-1"]
[WhiteElo "1605"]
[BlackElo "1511"]

1. d4 d5 2. h3 Nf6 3. Nc3 Nc6 4. Bf4 h6 5. Nb5 Be6 6. Nxc7+ Kd7 7. Nxa8 Qa5+ 8.
Bd2 Qb5 9. Bc3 g5 10. a4 Qa6 11. e3 b5 12. axb5 Qc8 13. bxc6+ Qxc6 14. Rxa7+ Ke8
15. f3 Bg7 0-1

[Event "AUTO-OPEN-837"]
[Site "http://www.queenalice.com/game.php?id=391901"]
[Date "2008.4.23"]
[Round "3"]
[White "Alx"]
[Black "paulouk"]
[Result "1-0"]
[WhiteElo "1490"]
[BlackElo "1621"]

1. d4 d5 2. Nc3 c6 3. e4 dxe4 4. Nxe4 Bf5 5. Ng5 g6 6. Qe2 Qxd4 7. c3 Qb6 8. Be3
c5 9. Qc4 e6 10. Qa4+ Nd7 11. Rd1 e5 12. Rd5 f6 13. Bb5 Bd6 14. Bxc5 Bxc5 15.
Bxd7+ Bxd7 16. Qxd7+ Kf8 17. Qf7# 1-0